000 01444cam a2200325 i 4500
003 SA-RiAUC
005 20250802060615.0
008 250730s1991 ua g b 000r0dara c
040 _aSA-JeALM
_bara
_cSA-RiAUC
_erda
082 0 4 _a251.6
_qSA-RiAUC
090 _a251.6
_bن د و
100 1 _aالندوي، علي أحمد.
_eمؤلف.
245 1 2 _aالقواعد والضوابط المستخلصة من التحرير :
_bشرح الجامع الكبير /
_cاستخرجها وقدم لها بدراسة وافية علي أحمد الندوي.
250 _aالطبعة الأولى.
264 1 _aالقاهرة :
_bمطبعة المدني،
_c1991.
300 _a559 صفحة ؛
_c24 سم.
336 _aنص
_btxt
_2rdacontent
_3كتاب
337 _aبدون وسيط
_bn
_2rdamedia
338 _aمجلد
_bnc
_2rdacarrier
440 0 _aمن سلسلة القواعد الفقهية
_v2
504 _aببليوجرافية : صفحة 525-559.
600 1 7 _aالحصيري، محمود بن أحمد بن عبد السيد،
_d546-636 هجري
_2aucnm
600 1 7 _aالشيباني، محمد بن الحسن،
_d131-189 هجري
_2aucnm
610 2 7 _aجامعة أم القرى
_vببليوجرافيات
_2aucnm
650 7 _aالقواعد الفقهية
_2aucsh
650 7 _aالفقه الحنفي
_2aucsh
740 2 _aالجامع الكبير.
942 _2ddc
_cBOOK
_n0
949 _aSA-JeALM
_d250730
_uosman123
_n1
999 _c10462
_d10462